Lincoln, the lawyer /
Saved in:
| Main Author: | |
|---|---|
| Format: | Book |
| Language: | English |
| Published: |
New York :
Century Co.,
1906.
|
| Subjects: | |
| Tags: |
Add Tag
No Tags, Be the first to tag this record!
|
| LEADER | 00945cam a2200265Ia 4500 | ||
|---|---|---|---|
| 001 | 003808798-7 | ||
| 005 | 20161108021430.0 | ||
| 008 | 721013s1906 nyuach 001 0beng | ||
| 010 | |a 06034845 | ||
| 035 | 0 | |a ocm00428694 | |
| 040 | |a DLC |c WSU |d OCL |d SER |d SLU |d OCL |d HVL | ||
| 043 | |a n-us-il | ||
| 050 | 0 | |a E457.2 |b .H64 | |
| 100 | 1 | |a Hill, Frederick Trevor, |d 1866-1930. | |
| 245 | 1 | 0 | |a Lincoln, the lawyer / |c by Frederick Trevor Hill. |
| 260 | |a New York : |b Century Co., |c 1906. | ||
| 300 | |a xviii, 332 p. : |b ill., facsims., ports. ; |c 22 cm. | ||
| 500 | |a Includes index. | ||
| 600 | 1 | 0 | |a Lincoln, Abraham, |d 1809-1865 |x Law practice. |
| 600 | 1 | 0 | |a Lincoln, Abraham, |d 1809-1865 |x Career in law. |
| 650 | 1 | 0 | |a Lawyers |z Illinois. |
| 752 | |a United States |b New York |d New York. | ||
| 776 | 0 | 8 | |i Online version: |a Hill, Frederick Trevor, 1866-1930. |t Lincoln, the lawyer. |d New York : Century Co., 1906 |w (OCoLC)563090433 |
| 988 | |a 20020608 | ||
| 906 | |0 DLC | ||


